Highest International Goalscorers for Italy - Statistics

General Stats
  • This quiz has been taken 184 times
    136 since last reset
  • The average score is 12 of 28
Answer Stats
Rank Goals Years Caps Goals per Game Answer % Correct
5 27 1995-'08 91 0.297 Alessandro Del Piero
91%
7 25 1997-'07 57 0.439 Filippo Inzaghi
80%
4 27 1988-'04 56 0.482 Roberto Baggio
80%
9 23 1997-'05 49 0.469 Christian Vieri
79%
12 21 2004-'17 117 0.179 Daniele de Rossi
79%
21 15 2014- 55 0.273 Ciro Immobile
74%
13 20 1977-'86 28 0.417 Paolo Rossi
73%
28 13 2002-'15 116 0.112 Andrea Pirlo
70%
16 16 2004-'09 47 0.34 Luca Toni
68%
2 33 1930-'39 53 0.623 Giuseppe Meazza
66%
22 14 2010- 36 0.389 Mario Balotelli
60%
1 35 1965-'74 42 0.833 Luigi Riva
58%
24 14 1962-'74 60 0.233 Gianni Rivera
47%
3 30 1935-'52 34 0.882 Silvio Piola
42%
8 25 1980-'88 61 0.41 Alessandro Altobelli
41%
17 16 1985-'92 59 0.271 Gianluca Vialli
41%
11 22 1963-'74 70 0.314 Sandro Mazzola
41%
15 19 2004-'13 57 0.333 Alberto Gilardino
29%
10 23 1975-'83 64 0.359 Francesco Graziani
24%
14 19 1975-'83 42 0.452 Roberto Bettega
24%
27 13 1991-'98 44 0.295 Pierluigi Casiraghi
13%
26 13 1929-'35 35 0.371 Raimundo Orsi
12%
20 15 1935-'40 25 0.6 Gino Colaussi
9%
19 15 1925-'34 21 0.714 Angelo Schiavio
8%
6 25 1920-'30 47 0.532 Adolfo Baloncieri
7%
23 14 1930-'38 44 0.318 Giovanni Ferrari
5%
18 15 1926-'32 17 0.882 Julio Libonatti
1%
25 13 1924-'32 29 0.448 Mario Magnozzi
1%
No matching quizzes found
Score Distribution
Percent of People with Each Score
Percentile by Number Answered
Your Score History
You have not taken this quiz since the last reset